Reverse Dictionary #79 - Statistics

General Stats
  • This quiz has been taken 26 times
  • The average score is 10 of 25
Answer Stats
Definition First
Letter
Word % Correct
Small in size. L Little
85%
(of a person) Peaceful, quiet, especially free from anger and anxiety. C Calm
80%
(jewelry) A round piece of (usually precious) metal worn around the finger or through the ear, nose, etc. R Ring
80%
A large and often winding stream which drains a land mass, carrying water down from higher areas to a lower point, oftentimes ending in another body of water, such as an ocean or an inland sea. R River
80%
1. Commendation; favourable representation in words.2. Worship. P Praise
70%
Very bad. A Awful
55%
Showing the qualities of friendliness and helpfulness to persons situated adjacently or nearby. N Neighborly
55%
An incrustation over a sore, wound, vesicle, or pustule, formed during healing. S Scab
55%
To be in a position in which the upper body is upright and supported by the buttocks. S Sit
50%
Amount of money, time, etc. that is required or used. C Cost
45%
Vindictive; desirous of revenge. V Vengeful
45%
(of a person or their character) Wanting a lot of power, honor, respect, superiority, or other distinction. A Ambitious
40%
1. Not bright or colorful; dull.2. (colloquial) Not smart or intelligent; dull. 3. Indistinct, hazy or unclear. D Dim
35%
(archaic) Towards the rear. A Aback
30%
Causing frustration or anger. M Maddening
30%
Having the ability to attract and delight; charming, delightful. E Enchanting
25%
(film, theater) To assign (roles in a play or performance) to different actors. R Recast
25%
Having one or more faults or malfunctions. D Defective
20%
Important, consequential. G Great
20%
To abuse or mistreat (something or someone). M Misuse
20%
(chiefly US, informal) Boisterous, energetic, noisy, and difficult to control. R Rambunctious
20%
A small carnivorous mammal (Martes zibellina) from the cold regions of Eurasia and the North Pacific islands that resembles a weasel and is valued for its dark brown fur. S Sable
20%
Contrary to reason or propriety; obviously and flatly opposed to manifest truth; inconsistent with the plain dictates of common sense; logically contradictory; nonsensical; ridiculous; silly. A Absurd
15%
1. To set up; to establish; to enact.2. To make up; to compose; to form. 3. To appoint, depute, or elect to an office; to make and empower. C Constitute
10%
Possessed of or representing childlike innocence. B Blue-eyed
5%
No matching quizzes found
Score Distribution
Percent of People with Each Score
Percentile by Number Answered
Your Score History
You have not taken this quiz